000 00390nam a2200133Ia 4500
008 100328s9999 xx 000 0 und d
082 _b22255
100 _aगोडबोले मंदाकिनी
245 _aकैदी नंं. 420
260 _bगीत गोपाळ
630 _aकैदी नंं. 420
730 _aकैदी नंं. 420
942 _cBOOK
999 _c516170
_d516167